000 00972 a2200241 4500
003 Nust
005 20170207154033.0
010 _a 2001036446
020 _a0130925691
040 _cNust
082 0 0 _a005.117
100 1 _aLarman, Craig.
245 1 0 _aApplying UML and patterns (E-BOOK)
_ban introduction to object-oriented analysis and design and the unified process /
_cCraig Larman ; [foreword by Phillipe Kruchten].
250 _a2nd ed.
260 _aUpper Saddle River, NJ :
_bPrentice Hall PTR,
_cc2002.
300 _axxi, 627 p. :
_bill. ;
_c26 cm.
505 _aPart I. Introduction (Page-3) Part Ii .Inception (Page-35) Part Iii Elaboration Iteration 1(Page-117) Part Iv Elaboration Iteration 2 (Page-319) Part V Elaboration Iteration 3(Page-383) Part Vi Special Topics(Page-567).
650 0 _aObject-oriented methods (Computer science)
650 0 _aSystem analysis.
650 0 _aSystem design.
650 0 _aUML (Computer science)
651 _aE-BOOK
942 _2ddc
_cBK
999 _c192264
_d192264